Trevor Sorbie - The bridal hair book : (Record no. 33117)
[ view plain ]
| 000 -LEADER | |
|---|---|
| fixed length control field | 00549nam a22001817a 4500 |
| 005 - DATE AND TIME OF LATEST TRANSACTION | |
| control field | 20231103133704.0 |
| 008 - FIXED-LENGTH DATA ELEMENTS--GENERAL INFORMATION | |
| fixed length control field | 230721b |||||||| |||| 00| 0 eng d |
| 020 ## - INTERNATIONAL STANDARD BOOK NUMBER | |
| ISBN | 9781844803248 |
| 082 ## - DEWEY DECIMAL CLASSIFICATION NUMBER | |
| Classification number | 646.724 |
| Item number | SOR |
| 100 ## - MAIN ENTRY--AUTHOR | |
| Author Name | Sorbie,Trevor |
| 245 ## - TITLE STATEMENT | |
| Title | Trevor Sorbie - The bridal hair book : |
| Remainder of title | 24 step-by-step techniques / |
| Statement of responsibility, etc. | Trevor Sorbie, Jacki Wadeson : Photography by Barry Cook |
| 260 ## - PUBLICATION, DISTRIBUTION, ETC. | |
| Name of publisher, distributor, etc. | Thomson Learning, |
| Date of publication, distribution, etc. | c2006. |
| Place of Publication | UK : |
| 300 ## - PHYSICAL DESCRIPTION | |
| Pages | 141p . |
| 500 ## - GENERAL NOTE | |
| General note | Include Index. |
| 650 ## - SUBJECT ADDED ENTRY--TOPICAL TERM | |
| Subject / Department | Architecture |
| 700 ## - ADDED ENTRY--PERSONAL NAME | |
| Personal name | Jacki Wadeson |
| 952 ## - LOCATION AND ITEM INFORMATION (KOHA) | |
| -- | 0 |
| -- | 0 |
| Lost status | Damaged status | Collection code | Permanent Location | Current Location | Shelving Location | Date acquired | Full Call Number | Accession No./Barcode | Date last seen | item type | Koha item type |
|---|---|---|---|---|---|---|---|---|---|---|---|
| Architecture | Superior Information Resource Center (SIRC) Superior University- Main Campus | Superior Information Resource Center (SIRC) Superior University- Main Campus | Architecture | 07/21/2023 | 646.724 SOR-S 2006 | 20234 | 07/21/2023 | BOOK | BOOK |
